UM Logo

"Wattymania": Wattpad readears' perspective on wattpad's role in their lives / (Record no. 23394)

MARC details
000 -LEADER
fixed length control field 00529nam a22001457a 4500
005 - DATE AND TIME OF LATEST TRANSACTION
control field 20250212104337.0
008 - FIXED-LENGTH DATA ELEMENTS--GENERAL INFORMATION
fixed length control field 250212b |||||||| |||| 00| 0 eng d
082 ## - DEWEY DECIMAL CLASSIFICATION NUMBER
Edition number 2023
Classification number UT
100 ## - MAIN ENTRY--PERSONAL NAME
Personal name Nidar, Angela Gabrielle
9 (RLIN) 65101
245 ## - TITLE STATEMENT
Title "Wattymania": Wattpad readears' perspective on wattpad's role in their lives /
Statement of responsibility, etc. Angela Gabrielle Nidar
260 ## - PUBLICATION, DISTRIBUTION, ETC. (IMPRINT)
Place of publication, distribution, etc. Digos City :
Name of publisher, distributor, etc. UMDC,
Date of publication, distribution, etc. ©January 2023.
300 ## - PHYSICAL DESCRIPTION
Extent viii, 66 pages :
Other physical details illustration (some colors) ;
Dimensions 29 cm.
500 ## - GENERAL NOTE
General note Includes references and appendices.
942 ## - ADDED ENTRY ELEMENTS (KOHA)
Source of classification or shelving scheme Dewey Decimal Classification
Koha item type Undergraduate Thesis

No items available.